| 000 | 00607nam a2200205 u 4500 | ||
|---|---|---|---|
| 005 | 20221104063505.0 | ||
| 008 | 181115s1989 r 000 0 eng d | ||
| 020 | _a9684222602 | ||
| 035 | _aUPN01000227865 | ||
| 049 | _aCG | ||
| 050 | 4 |
_aHF5549.12 _bH6.7 |
|
| 100 | 1 |
_aHodgetts, Richard M. _942337 |
|
| 245 | 1 | 3 |
_aEl supervisor eficiente : _bun enfoque practico / _cRichard M. Hodgetts. |
| 260 |
_aMéxico : _bMcGraw-Hill, _c1989. |
||
| 300 |
_axxvi, 449 p. : _bil. |
||
| 650 | 4 |
_aSUPERVISION DE EMPLEADOS _917213 |
|
| 650 | 2 |
_aAdministración de personal _9487 |
|
| 905 | _aLibro | ||
| 999 |
_c199960 _d199960 |
||